| 000 | 01288nam a22002417a 4500 | ||
|---|---|---|---|
| 003 | NALT | ||
| 005 | 20240724233228.0 | ||
| 008 | s2546 th tha d | ||
| 040 | _aNALT | ||
| 041 | _atha | ||
| 050 |
_aPN1991.3 _bพ729ก 2546 |
||
| 100 | 0 |
_aพิรงรอง รามสูต รณะนันทน์ _955304 |
|
| 245 | 1 | 0 |
_aการกำกับดูแลเนื้อหาของสื่อวิทยุและโทรทัศน์ในประเทศไทย (โครงการ "การปฏิรูประบบสื่อ") / _cพิรงรอง รามสูต รณะนันทน์. |
| 260 |
_aกรุงเทพฯ : _bสำนักงานกองทุนสนับสนุนการวิจัย, _c2546 |
||
| 300 |
_a106 หน้า : _bแผนภูมิ, ตาราง ; _c29 ซม. |
||
| 650 | 0 | 4 | _aโทรทัศน์ |
| 650 | 0 | 4 | _aวิทยุกระจายเสียง |
| 650 | 0 | 4 | _aสื่อวิทยุและโทรทัศน์ -- วิจัย |
| 650 | 0 | 4 | _aสื่อมวลชน -- วิจัย |
| 850 | _aNALT | ||
| 942 |
_cRSH _2lcc |
||
| 999 |
_c44633 _d44633 |
||
| 998 |
_j111 _k นางสาวพจพิณ พรมเอี่ยม |
||